|
|
|
|
| LEADER |
01700nam a2200313 a 4500 |
| 003 |
BD-DhAAL |
| 008 |
100215s2009 bg a b 001 0 eng d |
| 999 |
|
|
|c 7520
|d 7520
|
| 020 |
|
|
|a 9789848810064
|
| 040 |
|
|
|a BD-DhAA
|c BD-DhAA
|d BD-DhAA
|
| 082 |
0 |
0 |
|a 307.72095492
|2 22
|
| 100 |
1 |
|
|a Hossain,Mahbub.
|9 47401
|
| 245 |
1 |
0 |
|a Rural Economy and Livelihoods :
|b insights from Bangladesh /
|c Mahbub Hossain and Abdul Bayes.
|
| 260 |
|
|
|a Dhaka :
|b AH Development,
|c 2010
|
| 300 |
|
|
|a xxxii, 515 pages :
|b illustrations ;
|c 25 cm.
|
| 500 |
|
|
|a First Published 2009
|
| 504 |
|
|
|a Includes bibliographic references and index.
|
| 541 |
1 |
|
|a Donated by Akbar Ali Khan(38215)
|e 00019763, 38215
|
| 650 |
|
0 |
|a Rural condition
|z Bangladesh
|9 47402
|
| 650 |
|
0 |
|a Rural development
|z Bangladesh.
|9 47403
|
| 650 |
|
0 |
|a Rural population
|z Bangladesh.
|9 47404
|
| 651 |
|
|
|a Bangladesh
|x Economic policy.
|9 47405
|
| 700 |
1 |
|
|a Bayes,Abdul.
|9 47406
|
| 852 |
4 |
|
|a Ayesha Abed Library
|j General shelf
|
| 942 |
|
|
|2 ddc
|c BK
|
| 952 |
|
|
|0 0
|1 0
|2 ddc
|4 0
|6 307_720954920000000_HOS_2009
|7 0
|9 8118
|a BRACUL
|b BRACUL
|c GEN
|d 2010-02-15
|l 3
|m 6
|o 307.72095492 HOS
|p 3010019763
|r 2025-09-14
|s 2025-08-31
|t 1
|w 2010-02-15
|y BK
|
| 952 |
|
|
|0 0
|1 0
|2 ddc
|4 0
|6 307_720954920000000_HOS_2009
|7 0
|9 8119
|a BRACUL
|b BRACUL
|c GEN
|d 2010-02-15
|l 5
|m 11
|o 307.72095492 HOS
|p 3010019764
|r 2025-07-21
|s 2024-11-07
|t 2
|w 2010-02-15
|y BK
|
| 952 |
|
|
|0 0
|1 0
|2 ddc
|4 0
|6 307_720954920000000_HOS
|7 0
|9 55124
|a BRACUL
|b BRACUL
|c GEN
|d 2015-08-05
|l 3
|m 7
|o 307.72095492 HOS
|p 3010029562
|r 2025-08-24
|s 2025-07-07
|t 3
|w 2015-08-05
|y BK
|
| 952 |
|
|
|0 0
|1 0
|2 ddc
|4 0
|6 307_720954920000000_HOS
|7 1
|9 70274
|a BRACUL
|b BRACUL
|c AAKC
|d 2022-03-24
|e Donated by Akbar Ali Khan
|l 0
|o 307.72095492 HOS
|p 3010038215
|r 2022-03-24
|t 4
|w 2022-03-24
|y BK
|